000 00680nas a2200229 4500
001 BR9209657
003 BR-BrBNA
005 20231205093317.0
007 ta
008 230509b bl.|||p| |||| 00| 00por d
040 _aBR-BrBNA
_bpor
_cBiblioteca Nacional de Agricultura
041 _a(Pt)
072 _aK10
100 1 _aBeltrati, C.M.
245 1 _aMorfologia e anatonia das sementes de Trichilia elegans A. Juss. (Meliaceae)
650 _aARVORE ANGIOSPERMA
650 _aSEMENTE
650 _aMORFOLOGIA VEGETAL
773 0 _tNaturalia (Brazil)
_xISSN 0101-1944
_g(1984), v. 9 p. 35-42
_wBR9209657
909 _a202311
_bLúcia
_c55
_dLúcia Elande
942 _2AGRIS
_n0
_cANA
999 _c137449
_d137449